00482nam a2200169Ia 4500001000900000003000500009005001700014008004100031010001100072040001700083100004000100245008100140260005100221300001000272500000700282650002300289dia_3997CHAP20251014162432.0220117s1996 xx 000 0 und d a174613 amxchpuaerda aComisión de agricultura. México aLey federal de variedades vegetales /c Comisión de agricultura. México aMéxico :b Comisión de agricultura,c1996 a34 p. aD. aAgriculturaxLeyes